[Event "Feffernitz op 28th"]
[Site "Feffernitz"]
[Date "2019.08.21"]
[Round "5"]
[White "Fenner, Martin"]
[Black "Otter, Nils"]
[Result "1-0"]
[WhiteElo "1934"]
[BlackElo "1795"]
[PlyCount "61"]
[EventDate "2019.08.18"]
[EventType "swiss"]
[EventRounds "9"]
[EventCountry "AUT"]
[SourceTitle "EXT 2020"]
[Source "ChessBase"]
[SourceDate "2019.10.17"]
[SourceVersion "1"]
[SourceVersionDate "2019.10.17"]
[SourceQuality "1"]

1. Nf3 c5 2. c4 b6 3. d4 cxd4 4. Nxd4 Bb7 5. Nc3 Nf6 6. a3 e6 7. Bg5 a6 8. e4 d6 9. Be2 Be7 10. Qc2 Nbd7 11. 0-0 Rc8 12. Rfd1 Qc7 13. Rac1 Qb8 14. Qb1 Qa8 15. f3 0-0 16. b4 Rfd8 17. Qb3 h6 18. Be3 g5 19. Qa2 Qb8 20. Bd3 Qa8 21. Qf2 d5 22. cxd5 exd5 23. Nf5 dxe4 24. Nxe7+ Kf8 25. Nxc8 exd3 26. Nxb6 Nxb6 27. Bxb6 Rd7 28. Qe3 Nh5 29. Rxd3 Rxd3 30. Qxd3 Nf4 31. Qd8+ 1-0

[Event "Werther Schloss op 22nd"]
[Site "Werther"]
[Date "2016.03.19"]
[Round "5"]
[White "Fenner, Martin"]
[Black "Burkhardt, Holger"]
[Result "1/2-1/2"]
[WhiteElo "1985"]
[BlackElo "2158"]
[PlyCount "83"]
[EventDate "2016.03.17"]
[EventType "swiss"]
[EventRounds "7"]
[EventCountry "GER"]
[SourceTitle "CBM 171 Extra"]
[Source "ChessBase"]
[SourceDate "2016.04.26"]
[SourceVersion "1"]
[SourceVersionDate "2016.04.26"]
[SourceQuality "1"]

1. e3 f5 2. Nf3 Nf6 3. Be2 d6 4. 0-0 e5 5. d3 Be7 6. c4 0-0 7. Nc3 Qe8 8. b4 Kh8 9. Qa4 Qg6 10. Nd5 Bd8 11. Nxf6 Qxf6 12. Bb2 Nd7 13. Qc2 Qh6 14. c5 Nf6 15. Nd2 f4 16. e4 f3 17. Nxf3 Nh5 18. Bc1 Qg6 19. Ne1 Nf4 20. Bxf4 Rxf4 21. cxd6 cxd6 22. Rc1 Bd7 23. g3 Rf8 24. Ng2 Bh3 25. Bd1 Bb6 26. Qe2 Qg5 27. Rc2 g6 28. Qd2 Qxd2 29. Rxd2 Rac8 30. Bb3 Bd4 31. Bd5 b6 32. b5 Rc5 33. Bc4 g5 34. Rc2 Rf6 35. Re1 Bxg2 36. Kxg2 g4 37. Rf1 Rf3 38. h3 Rc8 39. hxg4 Rcf8 40. Be6 Bc5 41. Rd2 Be3 42. Rc2 1/2-1/2

[Event "Arber op 4th"]
[Site "Bayerisch Eisenstein"]
[Date "2015.08.01"]
[Round "1"]
[White "Stefansson, Hannes"]
[Black "Fenner, Martin"]
[Result "1-0"]
[WhiteElo "2593"]
[BlackElo "1997"]
[PlyCount "34"]
[EventDate "2015.08.01"]
[EventType "swiss"]
[EventRounds "9"]
[EventCountry "GER"]
[SourceTitle "EXT 2016"]
[Source "ChessBase"]
[SourceDate "2015.10.08"]
[SourceVersion "1"]
[SourceVersionDate "2015.10.08"]
[SourceQuality "1"]

1. d4 Nf6 2. c4 b6 3. Nc3 d5 4. cxd5 Nxd5 5. e4 Nxc3 6. bxc3 e5 7. Nf3 exd4 8. Bc4 Be7 9. cxd4 0-0 10. 0-0 Bb7 11. Re1 Nd7 12. Qb3 Rb8 13. Bf4 g5 14. Nxg5 Bxg5 15. Qg3 h6 16. Bxc7 Qc8 17. h4 Ra8 1-0

[Event "NRW-ch"]
[Site "Wesel"]
[Date "2013.10.20"]
[Round "2"]
[White "Ringwelski, Marius"]
[Black "Fenner, Martin"]
[Result "0-1"]
[WhiteElo "2090"]
[BlackElo "1971"]
[PlyCount "50"]
[EventDate "2013.10.19"]
[EventType "swiss"]
[EventRounds "7"]
[EventCountry "GER"]
[SourceTitle "EXT 2016"]
[Source "ChessBase"]
[SourceDate "2015.10.08"]
[SourceVersion "1"]
[SourceVersionDate "2015.10.08"]
[SourceQuality "1"]

1. e4 e6 2. d4 d5 3. Nc3 Nc6 4. e5 f6 5. Bb5 Bd7 6. Nf3 Qe7 7. 0-0 Qf7 8. Rb1 Nge7 9. b4 Ng6 10. Bxc6 Bxc6 11. b5 Bd7 12. Re1 Be7 13. exf6 gxf6 14. Bh6 0-0-0 15. a4 Kb8 16. Qe2 Bd6 17. a5 Rhg8 18. b6 cxb6 19. a6 Bf4 20. axb7 Bc6 21. Qxe6 Qc7 22. Bxf4 Nxf4 23. Qxf6 Rdf8 24. Qe5 Nxg2 25. Qxc7+ Kxc7 0-1

[Event "Dortmund Sparkassen op-A"]
[Site "Dortmund"]
[Date "2012.07.22"]
[Round "9"]
[White "Fenner, Martin"]
[Black "Schneidereit, Manfred"]
[Result "1-0"]
[WhiteElo "2003"]
[BlackElo "1820"]
[PlyCount "55"]
[EventDate "2012.07.14"]
[EventType "swiss"]
[EventRounds "9"]
[EventCountry "GER"]
[SourceTitle "CBM 149 Extra"]
[Source "ChessBase"]
[SourceDate "2012.08.24"]
[SourceVersion "1"]
[SourceVersionDate "2012.08.24"]
[SourceQuality "1"]

1. e4 Nc6 2. d4 d5 3. e5 Bf5 4. f4 f6 5. c3 Qd7 6. Nf3 e6 7. Be3 Nh6 8. Nbd2 Be4 9. Nxe4 dxe4 10. Nd2 f5 11. Be2 Be7 12. 0-0 Nf7 13. b4 0-0 14. Qb3 g5 15. g4 gxf4 16. gxf5 Nfxe5 17. Rxf4 Bg5 18. fxe6 Qe7 19. Rxe4 Ng6 20. Rf1 Kg7 21. Nf3 Bxe3+ 22. Rxe3 Qd6 23. d5 Nce7 24. c4 b6 25. Qc3+ Kg8 26. Ne5 Rxf1+ 27. Bxf1 Rf8 28. Nf7 1-0

[Event "Dortmund Sparkassen op-A"]
[Site "Dortmund"]
[Date "2012.07.21"]
[Round "8"]
[White "Fistoul, Michail"]
[Black "Fenner, Martin"]
[Result "1-0"]
[WhiteElo "2087"]
[BlackElo "2003"]
[PlyCount "55"]
[EventDate "2012.07.14"]
[EventType "swiss"]
[EventRounds "9"]
[EventCountry "GER"]
[SourceTitle "CBM 149 Extra"]
[Source "ChessBase"]
[SourceDate "2012.08.24"]
[SourceVersion "1"]
[SourceVersionDate "2012.08.24"]
[SourceQuality "1"]

1. d4 Nf6 2. c4 e6 3. Nc3 Bb4 4. a3 Bxc3+ 5. bxc3 c5 6. f3 0-0 7. e4 Ne8 8. Nh3 Nc6 9. d5 Ne7 10. Bd3 d6 11. dxe6 fxe6 12. e5 Ng6 13. Bg5 Qa5 14. Qc2 Nxe5 15. Bxh7+ Kh8 16. 0-0 Nf6 17. Bd3 Nxd3 18. Qxd3 e5 19. f4 e4 20. Qg3 Kg8 21. f5 Ne8 22. f6 Bxh3 23. f7+ Rxf7 24. Rxf7 Kxf7 25. Qxh3 Nf6 26. Bxf6 gxf6 27. Qh7+ Ke6 28. Qxe4+ 1-0

[Event "Dortmund Sparkassen op-A"]
[Site "Dortmund"]
[Date "2012.07.20"]
[Round "7"]
[White "Fenner, Martin"]
[Black "Schwarz, Larissa"]
[Result "1-0"]
[WhiteElo "2003"]
[BlackElo "1870"]
[PlyCount "107"]
[EventDate "2012.07.14"]
[EventType "swiss"]
[EventRounds "9"]
[EventCountry "GER"]
[SourceTitle "CBM 149 Extra"]
[Source "ChessBase"]
[SourceDate "2012.08.24"]
[SourceVersion "1"]
[SourceVersionDate "2012.08.24"]
[SourceQuality "1"]

1. e4 c5 2. Nf3 e6 3. d4 cxd4 4. Nxd4 a6 5. Bd3 Nc6 6. Nxc6 bxc6 7. c4 Bc5 8. 0-0 Ne7 9. Nc3 d5 10. cxd5 cxd5 11. exd5 Nxd5 12. Be4 Bb7 13. Qa4+ Ke7 14. Rd1 Nxc3 15. bxc3 Qc8 16. Bxb7 Qxb7 17. Rb1 Qa7 18. Ba3 Rac8 19. Bxc5+ Rxc5 20. Qd4 f6 21. Qd6+ Kf7 22. Rb6 Re5 23. Rxa6 Qb7 24. Qd7+ Qxd7 25. Rxd7+ Kg6 26. f4 Re2 27. Kf1 Rc2 28. Rxe6 Rxa2 29. Re2 Ra1+ 30. Re1 Ra3 31. Rc1 Rc8 32. c4 Ra4 33. Rd4 Rc5 34. Ke2 Rb4 35. g3 Rb2+ 36. Rd2 Rb4 37. Kd3 Kf5 38. Kd4 Rc7 39. Ra2 Ke6 40. Ra6+ Kd7 41. Rc2 Rb1 42. c5 Rb4+ 43. Kd5 Rb5 44. Rd6+ Kc8 45. Rc6 Kd7 46. Rxc7+ Kxc7 47. Ra2 Rb7 48. Re2 Kd8 49. Kc6 Rc7+ 50. Kb6 Rf7 51. Ra2 Rc7 52. c6 Rc8 53. Rd2+ Ke7 54. Kb7 1-0

[Event "Dortmund Sparkassen op-A"]
[Site "Dortmund"]
[Date "2012.07.16"]
[Round "3"]
[White "Fenner, Martin"]
[Black "Sievert, Jan Thorwald"]
[Result "0-1"]
[WhiteElo "2003"]
[BlackElo "2149"]
[PlyCount "86"]
[EventDate "2012.07.14"]
[EventType "swiss"]
[EventRounds "9"]
[EventCountry "GER"]
[SourceTitle "CBM 149 Extra"]
[Source "ChessBase"]
[SourceDate "2012.08.24"]
[SourceVersion "1"]
[SourceVersionDate "2012.08.24"]
[SourceQuality "1"]

1. e4 c5 2. Nf3 d6 3. Bd3 Nd7 4. 0-0 Ngf6 5. Re1 g6 6. c4 Bg7 7. Nc3 0-0 8. Bf1 Ne5 9. h3 Ne8 10. d3 Nc7 11. Be3 Ne6 12. Rb1 Nxf3+ 13. Qxf3 Bd7 14. Qd1 a6 15. Qd2 Nd4 16. Ne2 b5 17. Nxd4 cxd4 18. Bg5 Re8 19. cxb5 axb5 20. a3 Qb6 21. Rec1 f6 22. Bh4 Rec8 23. f3 Rc5 24. Be2 Rac8 25. Bd1 Be6 26. Bf2 Qc7 27. Rxc5 Qxc5 28. Be1 Bf7 29. Kf1 f5 30. a4 bxa4 31. Bxa4 fxe4 32. fxe4 Bf6 33. b4 Qe5 34. Bf2 Bg5 35. Qb2 Qh2 36. Qxd4 Qh1+ 37. Bg1 Rf8 38. Qf2 Be6 39. Qxf8+ Kxf8 40. Kf2 Bh4+ 41. Kf1 Bg3 42. b5 Bxh3 43. gxh3 Qf3+ 0-1

[Event "Dortmund Sparkassen op-A"]
[Site "Dortmund"]
[Date "2012.07.14"]
[Round "1"]
[White "Fenner, Martin"]
[Black "Webb, Laurence"]
[Result "0-1"]
[WhiteElo "2003"]
[BlackElo "2265"]
[PlyCount "104"]
[EventDate "2012.07.14"]
[EventType "swiss"]
[EventRounds "9"]
[EventCountry "GER"]
[SourceTitle "CBM 149 Extra"]
[Source "ChessBase"]
[SourceDate "2012.08.24"]
[SourceVersion "1"]
[SourceVersionDate "2012.08.24"]
[SourceQuality "1"]

1. e4 e6 2. d4 d5 3. Nc3 Bb4 4. e5 c5 5. Qg4 Ne7 6. dxc5 Nbc6 7. Nf3 Ng6 8. Be3 0-0 9. Bd4 f5 10. Qg3 f4 11. Qh3 Nxd4 12. Nxd4 Nxe5 13. Nb3 f3 14. 0-0-0 Bxc3 15. bxc3 Qg5+ 16. Rd2 Nc4 17. Bd3 g6 18. gxf3 Nxd2 19. Nxd2 e5 20. Qg3 Qxg3 21. fxg3 Bf5 22. Bb5 Rac8 23. c4 a6 24. Ba4 dxc4 25. Nxc4 Rxc5 26. Bb3 Be6 27. Nd6 Bxb3 28. axb3 b5 29. Ne4 Rc6 30. Rf1 Rfc8 31. Rf2 Kg7 32. Rd2 R8c7 33. Kb2 h6 34. c3 g5 35. Rd5 Rf7 36. Nd2 e4 37. fxe4 Rf2 38. h4 gxh4 39. gxh4 Rg6 40. c4 bxc4 41. bxc4 Rg4 42. Kc3 Rxh4 43. c5 Rh1 44. Kb4 Rc1 45. Ka5 Rc2 46. Nb3 Rb2 47. Rd3 Rf8 48. c6 Rb8 49. Kxa6 R8xb3 50. Rxb3 Rxb3 51. c7 Rc3 52. Kb7 Kf6 0-1

[Event "Lippe Cup-A 08th"]
[Site "Lieme"]
[Date "2011.10.30"]
[Round "4"]
[White "Fenner, Martin"]
[Black "Lueckner, Andreas"]
[Result "1-0"]
[WhiteElo "1996"]
[BlackElo "1844"]
[PlyCount "47"]
[EventDate "2011.10.28"]
[EventType "swiss"]
[EventRounds "5"]
[EventCountry "GER"]
[SourceTitle "EXT 2012"]
[Source "ChessBase"]
[SourceDate "2011.11.24"]
[SourceVersion "1"]
[SourceVersionDate "2011.11.24"]
[SourceQuality "1"]

1. e4 e6 2. Nf3 d5 3. e5 c5 4. b4 cxb4 5. a3 Nc6 6. axb4 Bxb4 7. c3 Be7 8. d4 Nh6 9. Bd3 Nf5 10. 0-0 0-0 11. Na3 Bd7 12. g4 Nh4 13. Nxh4 Bxh4 14. g5 Bxg5 15. Qh5 h6 16. f4 Bh4 17. Nb5 f5 18. exf6 Qxf6 19. Ba3 Rfd8 20. Ra2 Be8 21. Qg4 g5 22. Rg2 Kh8 23. fxg5 Qxg5 24. Rf8+ 1-0

[Event "Lippe Cup-A 08th"]
[Site "Lieme"]
[Date "2011.10.29"]
[Round "2"]
[White "Fenner, Martin"]
[Black "Naundorf, Maik"]
[Result "0-1"]
[WhiteElo "1996"]
[BlackElo "2134"]
[PlyCount "36"]
[EventDate "2011.10.28"]
[EventType "swiss"]
[EventRounds "5"]
[EventCountry "GER"]
[SourceTitle "EXT 2012"]
[Source "ChessBase"]
[SourceDate "2011.11.24"]
[SourceVersion "1"]
[SourceVersionDate "2011.11.24"]
[SourceQuality "1"]

1. e4 c5 2. b4 cxb4 3. Nf3 Nf6 4. e5 Nd5 5. a3 d6 6. axb4 Nc6 7. exd6 Qxd6 8. b5 Ncb4 9. Bc4 Qe6+ 10. Kf1 Ne3+ 11. fxe3 Qxc4+ 12. Qe2 Qxc2 13. Ba3 e6 14. Nc3 Be7 15. Rb1 Na2 16. Qc4 Nxc3 17. Rc1 Qa4 18. Qxc3 Qxa3 0-1

[Event "Lippe Cup-A 08th"]
[Site "Lieme"]
[Date "2011.10.29"]
[Round "3"]
[White "Fischer, Thomas1111"]
[Black "Fenner, Martin"]
[Result "1/2-1/2"]
[WhiteElo "1929"]
[BlackElo "1996"]
[PlyCount "107"]
[EventDate "2011.10.28"]
[EventType "swiss"]
[EventRounds "5"]
[EventCountry "GER"]
[SourceTitle "EXT 2012"]
[Source "ChessBase"]
[SourceDate "2011.11.24"]
[SourceVersion "1"]
[SourceVersionDate "2011.11.24"]
[SourceQuality "1"]

1. e4 e6 2. Qe2 d5 3. e5 c5 4. f4 Nc6 5. Nf3 Nh6 6. g3 Be7 7. Bh3 Nf5 8. c3 0-0 9. 0-0 Rb8 10. d3 b5 11. g4 Nh4 12. Nxh4 Bxh4 13. g5 Ne7 14. Qh5 Ng6 15. Nd2 d4 16. Nf3 dxc3 17. Nxh4 Qxd3 18. Nxg6 Qd4+ 19. Rf2 hxg6 20. Qe2 Bb7 21. Be3 Qe4 22. Bg2 cxb2 23. Qxb2 Qxe3 24. Rd1 Rbd8 25. Rxd8 Rxd8 26. Bxb7 Rd4 27. Qe2 Qxe2 28. Rxe2 Rxf4 29. Re4 Rf3 30. Rc4 Rf5 31. Rxc5 Rxg5+ 32. Kf2 b4 33. Rb5 Rh5 34. Kg3 Kf8 35. Bc6 f6 36. Rxb4 Rxe5 37. a4 Rc5 38. Rb8+ Ke7 39. Rb7+ Kd6 40. Bd7 a6 41. Be8 Rc3+ 42. Kg2 Rc2+ 43. Kg3 Rc3+ 44. Kf2 Rc2+ 45. Ke3 g5 46. Rb6+ Ke7 47. Bc6 a5 48. Ra6 e5 49. Bb5 Rxh2 50. Rxa5 g4 51. Ra6 Rh3+ 52. Kf2 f5 53. Bc4 Rf3+ 54. Kg2 1/2-1/2

[Event "Moehnesee Cup 36th"]
[Site "Moehnesee"]
[Date "2010.08.27"]
[Round "2"]
[White "Fenner, Martin"]
[Black "Falter, Lennart"]
[Result "1-0"]
[WhiteElo "2022"]
[BlackElo "1843"]
[PlyCount "117"]
[EventDate "2010.08.26"]
[EventType "swiss"]
[EventRounds "7"]
[EventCountry "GER"]
[SourceTitle "EXT 2011"]
[Source "ChessBase"]
[SourceDate "2010.11.26"]
[SourceVersion "1"]
[SourceVersionDate "2010.11.26"]
[SourceQuality "1"]

1. e4 e5 2. Nf3 Nc6 3. Bb5 a6 4. Bxc6 dxc6 5. 0-0 f6 6. d4 Bg4 7. dxe5 Qxd1 8. Rxd1 fxe5 9. Rd3 Bd6 10. Nbd2 Nf6 11. b3 0-0 12. Bb2 Nd7 13. h3 Bh5 14. Nc4 Nc5 15. Re3 Bxf3 16. Rxf3 Nxe4 17. Rxf8+ Rxf8 18. f3 Nf6 19. Bxe5 Bxe5 20. Nxe5 Re8 21. Re1 Nd5 22. Nd3 Rxe1+ 23. Nxe1 Kf7 24. Kf2 c5 25. Nd3 b6 26. f4 Ke6 27. c4 Nc3 28. a4 Ne4+ 29. Ke3 Ng3 30. Nc1 Nf5+ 31. Ke4 Nd4 32. b4 g6 33. bxc5 bxc5 34. g4 c6 35. Ke3 Kd6 36. Ne2 Nc2+ 37. Kd2 Nd4 38. Kd3 Nb3 39. Ng3 Ke7 40. Ne4 a5 41. Ke3 h6 42. f5 g5 43. Kd3 Nc1+ 44. Kd2 Nb3+ 45. Ke3 Kf7 46. Kd3 Nc1+ 47. Kd2 Nb3+ 48. Kc3 Nc1 49. Nxc5 Ne2+ 50. Kd2 Ng1 51. Nb7 Nxh3 52. Ke3 Nf4 53. Nxa5 c5 54. Nb7 Ke7 55. Ke4 Kd7 56. Nxc5+ Kc6 57. Nd3 Ne2 58. a5 Nc3+ 59. Ke5 1-0

[Event "Moehnesee Cup 36th"]
[Site "Moehnesee"]
[Date "2010.08.26"]
[Round "1"]
[White "Gutman, Lev"]
[Black "Fenner, Martin"]
[Result "1-0"]
[WhiteElo "2425"]
[BlackElo "2022"]
[PlyCount "81"]
[EventDate "2010.08.26"]
[EventType "swiss"]
[EventRounds "7"]
[EventCountry "GER"]
[SourceTitle "EXT 2011"]
[Source "ChessBase"]
[SourceDate "2010.11.26"]
[SourceVersion "1"]
[SourceVersionDate "2010.11.26"]
[SourceQuality "1"]

1. d4 d5 2. c4 e6 3. Nc3 Be7 4. cxd5 exd5 5. Bf4 c6 6. e3 Nf6 7. Bd3 Nbd7 8. Nf3 0-0 9. h3 Re8 10. 0-0 Nf8 11. Rb1 Ng6 12. Bh2 Bd6 13. Bxd6 Qxd6 14. b4 Ne7 15. b5 Bf5 16. bxc6 bxc6 17. Rb7 Reb8 18. Rxb8+ Rxb8 19. Bxf5 Nxf5 20. Qa4 Rb7 21. Ne5 Ne7 22. Rc1 Nd7 23. Qa6 Qc7 24. Nd3 g6 25. Qa3 Nb6 26. Qc5 Nc4 27. e4 Nd6 28. Nxd5 Nxe4 29. Nxe7+ Qxe7 30. Qxc6 Rd7 31. Qa4 Qd6 32. Ne5 Rd8 33. Nf3 a6 34. Qc6 Qxc6 35. Rxc6 a5 36. Kf1 Rb8 37. Rc2 Rb1+ 38. Ke2 Nd6 39. Nd2 Ra1 40. Nb3 Rb1 41. Nxa5 1-0

[Event "Lippe Cup 06th"]
[Site "Lieme"]
[Date "2009.10.18"]
[Round "4"]
[White "Eichenhofer, Karsten"]
[Black "Fenner, Martin"]
[Result "1-0"]
[WhiteElo "1973"]
[BlackElo "2083"]
[PlyCount "84"]
[EventDate "2009.10.16"]
[EventType "swiss"]
[EventRounds "5"]
[EventCountry "GER"]
[SourceTitle "EXT 2012"]
[Source "ChessBase"]
[SourceDate "2011.11.24"]
[SourceVersion "1"]
[SourceVersionDate "2011.11.24"]
[SourceQuality "1"]

1. d4 f5 2. g3 g6 3. Bg2 Bg7 4. Nf3 Nf6 5. 0-0 0-0 6. c4 d6 7. b3 c6 8. Bb2 Na6 9. Nc3 Nc7 10. Qc2 Rb8 11. Rfe1 Nd7 12. e4 f4 13. d5 Ne5 14. Nxe5 Bxe5 15. gxf4 Bxf4 16. Ne2 e5 17. Nxf4 Rxf4 18. Bc1 Rf7 19. Qc3 cxd5 20. exd5 b5 21. f4 bxc4 22. bxc4 exf4 23. Rf1 g5 24. Bb2 Rxb2 25. Qxb2 Na6 26. Qd2 Nc5 27. Rae1 Ba6 28. Qd4 Qf6 29. Re8+ Kg7 30. Qxf6+ Kxf6 31. Rc1 g4 32. Bf1 h5 33. Rce1 h4 34. Rd8 Nb7 35. Rh8 Kg5 36. Rg8+ Kh5 37. Rh8+ Kg5 38. Rg8+ Kh5 39. Re6 f3 40. Bd3 Nc5 41. Bg6+ Kh6 42. Bxf7+ Nxe6 1-0

[Event "Lippe Cup 06th"]
[Site "Lieme"]
[Date "2009.10.17"]
[Round "3"]
[White "Fenner, Martin"]
[Black "Hagedorn, Florian"]
[Result "1-0"]
[WhiteElo "2083"]
[BlackElo "1911"]
[PlyCount "63"]
[EventDate "2009.10.16"]
[EventType "swiss"]
[EventRounds "5"]
[EventCountry "GER"]
[SourceTitle "EXT 2012"]
[Source "ChessBase"]
[SourceDate "2011.11.24"]
[SourceVersion "1"]
[SourceVersionDate "2011.11.24"]
[SourceQuality "1"]

1. d4 d5 2. c4 e6 3. Nc3 Nf6 4. cxd5 exd5 5. Bg5 Be7 6. e3 0-0 7. Qc2 c6 8. Bd3 h6 9. Bh4 Re8 10. Nge2 Nbd7 11. 0-0 Nb6 12. f3 Nbd7 13. Rae1 Nf8 14. e4 dxe4 15. fxe4 Ne6 16. Bf2 Ng4 17. d5 Nxf2 18. dxe6 Bxe6 19. Rxf2 Bc5 20. Nf4 Qg5 21. Kh1 Bxf2 22. Qxf2 Rad8 23. Rf1 Qe7 24. Qxa7 Ra8 25. Qf2 Bxa2 26. Nxa2 Rxa2 27. Bc4 Ra4 28. Ng6 Qd7 29. Qxf7+ Qxf7 30. Bxf7+ Kh7 31. Bxe8 Rxe4 32. Bf7 1-0

[Event "Dortmund op"]
[Site "Dortmund"]
[Date "2009.07.12"]
[Round "9"]
[White "Fenner, Martin"]
[Black "Schorra, Helmut"]
[Result "1-0"]
[WhiteElo "2053"]
[BlackElo "2128"]
[PlyCount "85"]
[EventDate "2009.07.04"]
[EventType "swiss"]
[EventRounds "9"]
[EventCountry "GER"]
[SourceTitle "CBM 131 Extra"]
[Source "ChessBase"]
[SourceDate "2009.09.03"]
[SourceVersion "2"]
[SourceVersionDate "2009.09.16"]
[SourceQuality "1"]

1. d4 d5 2. Nf3 Nf6 3. e3 Bg4 4. c4 c6 5. Qb3 Qb6 6. Qxb6 axb6 7. Ne5 Bf5 8. Nc3 e6 9. f3 h5 10. Bd2 Nbd7 11. Nxd7 Kxd7 12. Be2 Bd6 13. 0-0 Bg6 14. e4 dxe4 15. fxe4 e5 16. Be3 Ng4 17. Bxg4+ hxg4 18. d5 Kc7 19. a3 Bc5 20. Bxc5 bxc5 21. b4 b6 22. b5 cxb5 23. Nxb5+ Kd7 24. Nc3 f6 25. Rfb1 Ra6 26. Rb3 f5 27. Rab1 Rb8 28. Kf2 fxe4 29. Ke3 Kc7 30. R1b2 Rba8 31. Nxe4 Rxa3 32. Nc3 Rxb3 33. Rxb3 Rh8 34. Ra3 Kb8 35. Nb5 Rxh2 36. Ra6 Kb7 37. Ra7+ Kb8 38. Rxg7 Bf5 39. Rg8+ Bc8 40. Nd6 Kc7 41. Nxc8 Rxg2 42. Na7 g3 43. Rg7+ 1-0

[Event "Dortmund op"]
[Site "Dortmund"]
[Date "2009.07.07"]
[Round "4"]
[White "Grandadam, Nicolas"]
[Black "Fenner, Martin"]
[Result "1/2-1/2"]
[WhiteElo "2165"]
[BlackElo "2053"]
[PlyCount "35"]
[EventDate "2009.07.04"]
[EventType "swiss"]
[EventRounds "9"]
[EventCountry "GER"]
[SourceTitle "CBM 131 Extra"]
[Source "ChessBase"]
[SourceDate "2009.09.03"]
[SourceVersion "2"]
[SourceVersionDate "2009.09.16"]
[SourceQuality "1"]

1. d4 d5 2. c4 e6 3. Nf3 Be7 4. g3 Nf6 5. Bg2 0-0 6. 0-0 c5 7. cxd5 exd5 8. Nc3 Nc6 9. dxc5 Bxc5 10. a3 a6 11. b4 Be7 12. Bb2 Bg4 13. Rc1 Re8 14. Qd3 Qd7 15. Rfd1 Rad8 16. Nd4 Ne5 17. Qb1 b5 18. Nb3 1/2-1/2

[Event "Lippe Cup 05th"]
[Site "Lieme"]
[Date "2008.09.28"]
[Round "4"]
[White "Fenner, Martin"]
[Black "Elefteriadis, Paul Gabriel"]
[Result "1-0"]
[WhiteElo "1985"]
[BlackElo "1975"]
[PlyCount "95"]
[EventDate "2008.09.26"]
[EventType "swiss"]
[EventRounds "5"]
[EventCountry "GER"]
[SourceTitle "EXT 2012"]
[Source "ChessBase"]
[SourceDate "2011.11.24"]
[SourceVersion "1"]
[SourceVersionDate "2011.11.24"]
[SourceQuality "1"]

1. d4 d5 2. Nf3 Nc6 3. e3 Bg4 4. Bb5 Qd7 5. c4 a6 6. Qa4 Bxf3 7. gxf3 Rd8 8. Bxc6 Qxc6 9. Qxc6+ bxc6 10. Bd2 e6 11. Ba5 Rd7 12. Nc3 Nh6 13. Rc1 Nf5 14. cxd5 cxd5 15. Na4 Bd6 16. Nc5 Bxc5 17. Rxc5 0-0 18. Ke2 f6 19. Rhc1 e5 20. dxe5 fxe5 21. Rxc7 Rxc7 22. Bxc7 Rc8 23. Kd1 e4 24. fxe4 dxe4 25. Bg3 Rd8+ 26. Ke2 Nxg3+ 27. fxg3 Rd6 28. Rc5 Re6 29. Rf5 g6 30. Rf4 a5 31. h4 Re5 32. Kd2 Rd5+ 33. Kc2 Rc5+ 34. Kb3 Rb5+ 35. Ka3 Re5 36. Ka4 Kg7 37. a3 h6 38. b4 axb4 39. axb4 g5 40. hxg5 hxg5 41. Rf1 Rd5 42. Rb1 Kf6 43. b5 Ke7 44. b6 Rd8 45. b7 Rb8 46. Ka5 Kd7 47. Kb6 g4 48. Rd1+ 1-0

[Event "Lippe Cup 05th"]
[Site "Lieme"]
[Date "2008.09.27"]
[Round "2"]
[White "Fenner, Martin"]
[Black "Wittke, Rene"]
[Result "1/2-1/2"]
[WhiteElo "1985"]
[BlackElo "1959"]
[PlyCount "24"]
[EventDate "2008.09.26"]
[EventType "swiss"]
[EventRounds "5"]
[EventCountry "GER"]
[SourceTitle "EXT 2012"]
[Source "ChessBase"]
[SourceDate "2011.11.24"]
[SourceVersion "1"]
[SourceVersionDate "2011.11.24"]
[SourceQuality "1"]

1. d4 d5 2. Nf3 Nf6 3. e3 Bg4 4. c4 e6 5. Qb3 Nc6 6. Nc3 a6 7. cxd5 exd5 8. Ne5 Nxe5 9. dxe5 Ne4 10. Nxe4 dxe4 11. Bd2 Qd7 12. Rc1 Rd8 1/2-1/2

[Event "Lippe Cup 04th"]
[Site "Lieme"]
[Date "2007.09.28"]
[Round "1"]
[White "Gutman, Lev"]
[Black "Fenner, Martin"]
[Result "0-1"]
[WhiteElo "2408"]
[BlackElo "2062"]
[PlyCount "106"]
[EventDate "2007.09.28"]
[EventType "swiss"]
[EventRounds "5"]
[EventCountry "GER"]
[SourceTitle "EXT 2012"]
[Source "ChessBase"]
[SourceDate "2011.11.24"]
[SourceVersion "1"]
[SourceVersionDate "2011.11.24"]
[SourceQuality "1"]

1. Nf3 d5 2. g3 Bf5 3. Bg2 Nf6 4. 0-0 e6 5. c4 c6 6. cxd5 exd5 7. d3 h6 8. Nc3 Be7 9. Nd4 Bg6 10. e4 dxe4 11. dxe4 0-0 12. e5 Nfd7 13. f4 Bc5 14. Be3 f5 15. Bf2 Bxd4 16. Qxd4 Nb6 17. Qb4 Bf7 18. Rfe1 Na6 19. Qa5 Nc4 20. Qxd8 Rfxd8 21. e6 Bh5 22. e7 Re8 23. Bf1 Nd2 24. Red1 Bxd1 25. Bxa6 Bf3 26. Bxb7 Rab8 27. Ba6 Rxe7 28. b3 Rbe8 29. Bd4 Bh5 30. Kf2 Ne4+ 31. Nxe4 Rxe4 32. Bc5 Rd8 33. Be3 Rde8 34. Bc5 Be2 35. Bb7 Bb5 36. a4 Re2+ 37. Kf3 Rc2 38. axb5 Rxc5 39. Bxc6 Rc3+ 40. Kf2 Rc2+ 41. Kf1 Re7 42. h3 g5 43. Rd1 Kg7 44. Rd5 gxf4 45. gxf4 Rh2 46. Rd3 Ra2 47. Bf3 Kf6 48. Rd6+ Re6 49. Rd3 Ke7 50. Rc3 Rd6 51. Be2 Rd4 52. Rc7+ Kd8 53. Rc4 Rdd2 0-1

[Event "Dortmund op-A"]
[Site "Dortmund"]
[Date "2007.06.26"]
[Round "4"]
[White "Fenner, Martin"]
[Black "Rosenauer, Horst"]
[Result "1-0"]
[WhiteElo "2060"]
[BlackElo "1810"]
[PlyCount "89"]
[EventDate "2007.06.22"]
[EventType "swiss"]
[EventRounds "9"]
[EventCountry "GER"]
[SourceTitle "EXT 2008"]
[Source "ChessBase"]
[SourceDate "2007.11.25"]
[SourceVersion "1"]
[SourceVersionDate "2007.11.25"]
[SourceQuality "1"]

1. d4 Nf6 2. c4 e6 3. Bg5 h6 4. Bf4 Bb4+ 5. Nd2 Nh5 6. Bg3 Nxg3 7. hxg3 b6 8. Ngf3 Bb7 9. e3 Qf6 10. Be2 0-0 11. a3 Bxd2+ 12. Qxd2 d5 13. Rc1 c6 14. 0-0 Nd7 15. Qc3 Rac8 16. b4 Rfe8 17. Ne5 Nxe5 18. dxe5 Qg5 19. c5 b5 20. a4 a6 21. g4 f5 22. f4 Qh4 23. gxf5 exf5 24. Rf3 Re6 25. Qc2 Rf8 26. Bd3 Qg4 27. axb5 cxb5 28. Rf2 Rg6 29. Be2 Qh4 30. Bf3 Rg3 31. c6 Rxf3 32. Rxf3 Bc8 33. Qc5 Qd8 34. Qd6 Qe8 35. Qxd5+ Kh8 36. Qc5 Qd8 37. Qd6 Qe8 38. Rf2 Be6 39. Rd2 Qc8 40. c7 Kh7 41. Rc6 Re8 42. Rb6 Qa8 43. Rb8 Qe4 44. Qd4 Qb1+ 45. Rd1 1-0